Largest City in each Country - Statistics

General Stats
  • This quiz has been taken 1,083 times
    732 since last reset
  • The average score is 119 of 196
Answer Stats
City Country % Correct
Algiers Algeria
96%
Amsterdam Netherlands
96%
Athens Greece
95%
Baghdad Iraq
95%
Andorra La Vella Andorra
94%
Auckland New Zealand
94%
Bangkok Thailand
94%
Belize City Belize
93%
Berlin Germany
93%
Addis Ababa Ethiopia
91%
Buenos Aires Argentina
90%
Brussels Belgium
90%
Cairo Egypt
90%
Budapest Hungary
89%
Beirut Lebanon
89%
Copenhagen Denmark
88%
Bucharest Romania
88%
Belgrade Serbia
88%
Bogotá Colombia
87%
Dublin Ireland
87%
Djibouti Djibouti
86%
Guatemala City Guatemala
86%
Amman Jordan
86%
Dubai United Arab Emirates
86%
Helsinki Finland
85%
Casablanca Morocco
85%
Asunción Paraguay
85%
Bratislava Slovakia
85%
Istanbul Turkey
85%
Caracas Venezuela
85%
Havana Cuba
84%
Jerusalem Israel
84%
Johannesburg South Africa
84%
Aleppo Syria
84%
Accra Ghana
83%
Jakarta Indonesia
83%
Kuwait City Kuwait
83%
Ho Chi Minh City Vietnam
83%
Baku Azerbaijan
82%
Bissau Guinea-Bissau
82%
Luxembourg City Luxembourg
82%
Madrid Spain
82%
Kabul Afghanistan
81%
Mexico City Mexico
81%
Lisbon Portugal
81%
Doha Qatar
81%
Kyiv Ukraine
81%
London United Kingdom
81%
Antananarivo Madagascar
80%
Lima Peru
80%
Dhaka Bangladesh
79%
Kuala Lumpur Malaysia
79%
Kathmandu Nepal
79%
Moscow Russia
79%
Kingston Jamaica
78%
Lagos Nigeria
78%
New York City United States
78%
Mumbai India
77%
Chişinău Moldova
77%
Minsk Belarus
76%
Dakar Senegal
76%
Colombo Sri Lanka
76%
Ashgabat Turkmenistan
76%
Oslo Norway
75%
Karachi Pakistan
75%
Paris France
74%
Nairobi Kenya
74%
Panama City Panama
74%
Monte Carlo Monaco
73%
Ljubljana Slovenia
73%
Bandar Seri Begawan Brunei
72%
Brazzaville Congo
72%
Khartoum Sudan
72%
New Taipei Taiwan
72%
Montevideo Uruguay
72%
Dar es Salaam Tanzania
70%
Prague Czechia
69%
Phnom Penh Cambodia
68%
Rome Italy
68%
Almaty Kazakhstan
68%
Muscat Oman
68%
Mogadishu Somalia
68%
Nassau Bahamas
67%
Reykjavik Iceland
67%
Pyongyang North Korea
67%
Nicosia Cyprus
66%
Dili East Timor
66%
Port au Prince Haiti
65%
Bishkek Kyrgyzstan
65%
Bamako Mali
64%
Harare Zimbabwe
64%
Abidjan Cote d'Ivoire
63%
Kampala Uganda
63%
Luanda Angola
62%
Bridgetown Barbados
62%
Georgetown Guyana
62%
Apia Samoa
62%
Riyadh Saudi Arabia
62%
San Salvador El Salvador
61%
Riga Latvia
61%
Malé Maldives
61%
Kinshasa Congo DR
60%
Managua Nicaragua
60%
Santiago Chile
59%
Asmara Eritrea
59%
Monrovia Liberia
59%
Freetown Sierra Leone
59%
Dushanbe Tajikistan
59%
Juba South Sudan
58%
São Paulo Brazil
57%
Guayaquil Ecuador
57%
Conakry Guinea
57%
Kigali Rwanda
57%
Seoul South Korea
57%
Paramaribo Suriname
57%
Manama Bahrain
56%
Shanghai China
56%
Podgorica Montenegro
56%
São Tome São Tome & Principe
56%
Singapore Singapore
55%
Pristina Kosovo
54%
Bangui Central African Republic
53%
Castries St. Lucia
53%
Sarajevo Bosnia-Herzegovina
52%
Gaborone Botswana
52%
Ouagadougou Burkina Faso
52%
N'djamena Chad
52%
Basseterre St. Kitts & Nevis
52%
Sydney Australia
51%
San José Costa Rica
51%
Santo Domingo Dominican Republic
51%
Port Moresby Papua New Guinea
51%
Maputo Mozambique
50%
Stockholm Sweden
50%
Lomé Togo
50%
Lusaka Zambia
50%
Sofia Bulgaria
49%
Libreville Gabon
49%
Lilongwe Malawi
49%
Sana'a Yemen
49%
Niamey Niger
47%
Funafuti Tuvalu
47%
Tokyo Japan
46%
Honiara Solomon Islands
46%
Cotonou Benin
45%
Tehran Iran
45%
Toronto Canada
44%
Tallinn Estonia
44%
Nouakchott Mauritania
44%
Kingstown St. Vincent & Grenadines
44%
Vatican City Vatican City
43%
Vienna Austria
42%
Bujumbura Burundi
42%
Mbabane Eswatini
42%
Quezon City Philippines
42%
Tunis Tunisia
42%
Warsaw Poland
41%
Tbilisi Georgia
40%
Maseru Lesotho
40%
Skopje North Macedonia
40%
Moroni Comoros
39%
Tripoli Libya
39%
UlaanBaatar Mongolia
39%
Nuku'alofa Tonga
39%
Douala Cameroon
38%
Port Louis Mauritius
38%
Zürich Switzerland
37%
Tirana Albania
36%
Praia Cape Verde
36%
Vilnius Lithuania
36%
Zagreb Croatia
35%
Roseau Dominica
35%
Majuro Marshall Islands
35%
Tashkent Uzbekistan
35%
Tegucigalpa Honduras
34%
Port Vila Vanuatu
34%
Thimphu Bhutan
32%
Vientiane Laos
30%
Windhoek Namibia
30%
Yerevan Armenia
29%
St. John's Antigua & Barbuda
26%
Santa Cruz de la Sierra Bolivia
25%
South Tarawa Kiribati
25%
Schaan Liechtenstein
24%
Yangon Myanmar
24%
St. George's Grenada
23%
Victoria Seychelles
23%
Koror Palau
19%
Yaren Nauru
18%
Bata Equatorial Guinea
17%
Chaguanas Trinidad & Tobago
14%
St. Paul's Bay Malta
12%
Dogana San Marino
10%
Serekunda Gambia
8%
Weno Micronesia
8%
Nasinu Fiji
6%
No matching quizzes found
Score Distribution
Percent of People with Each Score
Percentile by Number Answered
Your Score History
You have not taken this quiz since the last reset